ARRUPE JESUIT UNIVERSITY

CORONAVIRUS -STOP THE SPREAD - CLEAN,DISINFECT,COVER

The varieties of vernacular mysticism, 1350-1550 / (Record no. 118793)

MARC details
000 -LEADER
fixed length control field 01051cam a2200325 a 4500
001 - CONTROL NUMBER
control field 10139282
003 - CONTROL NUMBER IDENTIFIER
control field ARRUPE
005 - DATE AND TIME OF LATEST TRANSACTION
control field 20131127142110.0
008 - FIXED-LENGTH DATA ELEMENTS--GENERAL INFORMATION
fixed length control field 120415s2012 nyu b 001 0 eng c
020 ## - INTERNATIONAL STANDARD BOOK NUMBER
International Standard Book Number 9780824599010
020 ## - INTERNATIONAL STANDARD BOOK NUMBER
International Standard Book Number 0824599012
035 ## - SYSTEM CONTROL NUMBER
System control number (OCoLC)ocn785874270
035 ## - SYSTEM CONTROL NUMBER
System control number (OCoLC)785874270
035 ## - SYSTEM CONTROL NUMBER
System control number (NNC)10139282
040 ## - CATALOGING SOURCE
Original cataloging agency BTCTA
Language of cataloging eng
Transcribing agency BTCTA
Modifying agency BDX
-- YDXCP
-- BWX
-- ZCU
042 ## - AUTHENTICATION CODE
Authentication code pcc
050 #4 - LIBRARY OF CONGRESS CALL NUMBER
Classification number BV5077
Item number .E85.M34 1991
300 ## - PHYSICAL DESCRIPTION
Dimensions 24 cm.
100 1# - MAIN ENTRY--PERSONAL NAME
Personal name McGinn, Bernard,
Dates associated with a name 1937-
9 (RLIN) 4257
245 14 - TITLE STATEMENT
Title The varieties of vernacular mysticism, 1350-1550 /
Statement of responsibility, etc Bernard McGinn.
260 ## - PUBLICATION, DISTRIBUTION, ETC. (IMPRINT)
Place of publication, distribution, etc New York :
Name of publisher, distributor, etc Crossroad Pub. Co.,
Date of publication, distribution, etc 2012.
300 ## - PHYSICAL DESCRIPTION
Extent xiv, 721 p. ;
490 1# - SERIES STATEMENT
Series statement The presence of God ;
Volume number/sequential designation v. 5
500 ## - GENERAL NOTE
General note "A Herder and Herder book."
504 ## - BIBLIOGRAPHY, ETC. NOTE
Bibliography, etc Includes bibliographical references (p. 662-704) and indexes.
650 #0 - SUBJECT ADDED ENTRY--TOPICAL TERM
Topical term or geographic name as entry element Mysticism
Geographic subdivision Europe
General subdivision History.
9 (RLIN) 4258
800 1# - SERIES ADDED ENTRY--PERSONAL NAME
Personal name McGinn, Bernard,
Dates associated with a name 1937-
Title of a work Presence of God ;
Volume/sequential designation v. 5.
9 (RLIN) 4259
942 ## - ADDED ENTRY ELEMENTS (KOHA)
Source of classification or shelving scheme Library of Congress Classification
Koha item type Monograph ( Printed materials)
948 1# - LOCAL PROCESSING INFORMATION (OCLC); SERIES PART DESIGNATOR (RLIN)
Series part designator, SPT (RLIN) 20130130
b (OCLC) o
c (OCLC) ink2
d (OCLC) MPS
Holdings
Withdrawn status Lost status Source of classification or shelving scheme Damaged status Not for loan Home library Current library Shelving location Date acquired Total Checkouts Full call number Barcode Date last seen Price effective from Koha item type
    Library of Congress Classification     ARRUPE LIBRARY ARRUPE LIBRARY Main Collection 27/11/2013   BV5075.M37 1991 v.5 46410167 24/01/2017 27/11/2013 Monograph ( Printed materials)

 

Arrupe Library. PO Box MP320 Mt Pleasant, Harare, Zimbabwe
263 242 745411|librarian@aju.ac.zw